Comentários à lei de sociedades anônimas / (Record no. 771)

MARC details
000 -LÍDER
Campo Fixo de Controle 01051nam a2200289 a 4500
001 - NÚMERO DE CONTROLE
Campo de Controle 771
003 - IDENTIFICAÇÃO DO NÚMERO DE CONTROLE
Campo de Controle BR-CuiBMT
005 - DATA E HORA DA ÚLTIMA ATUALIZAÇÃO
Campo de Controle 20231212212650.0
008 - DADOS FIXOS
Dados Fixos 231116s1997 spb 001 0 por d
020 ## - INTERNATIONAL STANDARD BOOK NUMBER
Nº do ISBN 8502022776 (obra completa)
020 ## - INTERNATIONAL STANDARD BOOK NUMBER
Nº do ISBN 8502023934 (v. 3)
040 ## - AGÊNCIA CATALOGADORA
Código da Agência Catalogadora BR-CuiBMT
Agência que transcreveu o registro BR-CuiBMT
080 ## - Nº DA CLASSIFICAÇÃO DECIMAL UNIVERSAL
Nº edição CDU 2007
Nº Class. CDU 347.725
Subd. Auxiliar Comum (81)
-- (094.5)
090 ## - NÚMERO DE CHAMADA
Nº classificação 347.725(81)(094.5)
Cutter C331c
100 1# - ENTRADA PRINCIPAL -- AUTOR PESSOAL
Nome pessoal Carvalhosa, Modesto,
Datas associadas ao nome 1932-
245 10 - TÍTULO PRINCIPAL
Título principal Comentários à lei de sociedades anônimas /
Indicação de responsabilidade Modesto Carvalhosa , Nilton Latorraca.
260 ## - PUBLICAÇÃO, DISTRIBUIÇÃO, ETC.
Local de publicação São Paulo :
Editora Saraiva,
Data 1997.
300 ## - DESCRIÇÃO FÍSICA
N. páginas ou volumes 4 v. ;
Dimensões 22 cm
504 ## - NOTA DE BIBLIOGRAFIA, ETC.
Nota de bibliografia Inclui bibliografia e índice.
505 0# - NOTA DE CONTEÚDO
Nota de conteúdo v. 1. Artigos 1 a 74 -- v. 2. Artigos 75 a 137 -- v. 3. Artigos 138 a 205 -- v. 4. Artigos 206 a 300.
590 ## - NOTA LOCAL
Nota local A Biblioteca possui somente o volume 3.
650 ## - ASSUNTO TÓPICO
Cabeçalho tópico ou nome geográfico Sociedades por ações
Subdivisão geral Direito empresarial
Subdivisão geográfica Brasil
650 ## - ASSUNTO TÓPICO
Cabeçalho tópico ou nome geográfico Direito comercial
Subdivisão geográfica Brasil
650 ## - ASSUNTO TÓPICO
Cabeçalho tópico ou nome geográfico Sociedades anônimas
Subdivisão geral Legislação
Subdivisão geográfica Brasil
700 ## - ENTRADA SECUNDÁRIA -- NOME PESSOAL
Nome pessoal Latorraca, Nilton,
Datas associadas ao nome 1932-
942 ## - ELEMENTOS DE ENTRADA ADICIONAIS (KOHA)
Fonte de classificação ou esquema de arquivamento Classificação Decimal Universal
Tipo de item do Koha Livros
Holdings
Estado: removido Estado: perdido Fonte de classificação ou esquema de arquivamento Estado: danificado Indisponível para empréstimo Localização permanente Localização atual Data de aquisição Numeração serial ou cronológica (Volume) Total Checkouts Número de Chamada completo Código de barras Date last seen Número do exemplar Preço efetivo a partir de Tipo de item (Koha)
    Classificação Decimal Universal     Biblioteca da Escola Superior de Contas do TCE/MT Biblioteca da Escola Superior de Contas do TCE/MT 23/09/2008 v. 3   347.725(81)(094.5) C331c BIBTCEMT23110682 16/11/2023 Ex. 1 16/11/2023 Livros

Powered by Koha